000 00380nam a22001097a 4500
040 _cSK
082 _a629
100 _aNA
245 _aDis plugh 50-80 ph for tractors; នង្គ័លថាស ៣៧ សំរាប់បំពាក់ជាមួយត្រាក់មួយត្រាក់ទ័រពី ៥០-៨០ សេះ
260 _aRUA
_bNA
_c2003
942 _cKB
999 _c9208
_d9208